Paroles - Cette fille - Luv RESVAL - Statistiques

Statistiques générales
  • Ce quiz a été pris 203 fois
  • Le résultat moyen est 189 sur 372
Statistiques - réponses
Réponse % Correct
Cette
97%
Fille
97%
Dans
95%
La
95%
Qui
95%
C’est
94%
Métro
94%
Soi
92%
Un
92%
Soirée
90%
Le
89%
Tu
86%
A
85%
À
85%
De
84%
Comme
83%
Et
83%
Elle
82%
En
81%
Les
81%
L’as
79%
Pas
79%
Sa
78%
Sur
78%
Croisée
77%
Tout
76%
Yeux
76%
Très
74%
Danser
73%
Écho
73%
Pensait
73%
Pour
73%
Sûre
73%
Train
73%
Jusqu’à
72%
Savoir
72%
D’elle
71%
Etoiles
71%
Étoiles
71%
Paris
71%
Donne
70%
Bruxelles
69%
Pleure
68%
T’aurais
68%
C’mec
66%
M’a
66%
Si
64%
Donner
63%
Faut
63%
Plus
62%
Sûreté
62%
Juste
61%
Larmes
61%
L’vide
61%
Couilles
58%
Garce
58%
Il
58%
Mes
58%
Quel
58%
Voulaient
58%
Faute
57%
Ken
57%
Dernier
55%
Du
55%
Qu’il
55%
Tous
55%
Veut
55%
Seul
54%
Derniers
53%
Lumière
53%
D’sa
52%
D’une
52%
Coulent
51%
Mais
51%
Jusqu’elle
50%
S’répète
50%
Est
49%
Prie
49%
Arriver
48%
Qu’elle
48%
Ça
47%
Puisse
47%
Regard
44%
Des
43%
Gelées
43%
Vie
43%
Femmes
42%
Poche
42%
Stick
41%
J’sais
39%
Quand
39%
Selfie
39%
C’monsieur
38%
Dégoûtent
38%
Même
37%
Ou
37%
Ponton
36%
Porsche
36%
Porte
36%
Regarde
36%
Sort
36%
Wagon
36%
Flics
35%
Rapporte
35%
Maman
34%
Précipice
34%
Toute
34%
Vite
34%
Car
33%
Dieu
33%
Fait
33%
L’écoute
33%
Seule
33%
Toutes
33%
Rêves
32%
Avance
31%
Fils
31%
Couronne
30%
S’prend
30%
J’avais
29%
Reste
29%
Royaume
29%
Sans
29%
Qu’on
28%
D’Elvis
27%
L’shit
27%
Place
27%
J’le
25%
Revend
25%
Asservi
23%
Ciel
23%
Jeu
23%
Raconte
23%
Retrouve
23%
L’esprit
22%
On
22%
Route
20%
Éternels
19%
Nouvelle
19%
Laquelle
18%
Rest in Peace
18%
Shoes
18%
Sont
18%
Maison
17%
Mots
17%
Ses
16%
Lâché
15%
L’eau
15%
Nuit
15%
Film
14%
J’réponds
14%
Margiela
14%
Tec
14%
Belle
13%
Va
13%
Athéna
11%
Avec
11%
Fais
11%
Ira
11%
Y’a
10%
Draps
9%
Fuck
9%
Mate
9%
Pige
9%
Banquette
8%
Grêle
8%
Lèvres
8%
Pendant
8%
Prends
8%
Rouge
8%
Temps
8%
Autres
7%
Dionysos
7%
Était
7%
Fume
7%
Rose
7%
C’demander
6%
Connaître
6%
D’chez
6%
Fleurs
6%
Joints
6%
N’a
6%
Pompette
6%
S’arrête
6%
Sous
6%
Traces
6%
Anges
5%
Bella
5%
Creuser
5%
Dit
5%
Joue
5%
L’enquête
5%
M’apelle
5%
Mènes
5%
Pelle
5%
Qu’les
5%
S’arrosent
5%
S’ver-la
5%
Guer-dra
4%
Harpe
4%
T’iras
4%
Bédave
3%
Demain
3%
Incomplète
3%
Pét’
3%
Race
3%
Ramènent
3%
Soss
3%
Trompette
3%
Airs
2%
Avant
2%
Compét
2%
Dieux
2%
Faudra
2%
Font
2%
L’histoire
2%
Nettoient
2%
Perce
2%
Racontèrent
2%
Satan
2%
S’est
2%
Ton
2%
Freinent
1%
J’allume
1%
S’perde
1%
Ter
1%
Texte
1%
Wagons
1%
Aucun quiz correspondant
Distribution des résultats
% des personnes avec chaque résultat
Percentile par nombre de réponses
Votre historique - résultats
Vous n’avez pas pris ce quiz